Information and the nature of reality: (Record no. 4744)

MARC details
000 -LEADER
fixed length control field 01040cam a2200349 i 4500
001 - CONTROL NUMBER
control field
003 - CONTROL NUMBER IDENTIFIER
control field OSt
005 - DATE AND TIME OF LATEST TRANSACTION
control field 20220107122801.0
008 - FIXED-LENGTH DATA ELEMENTS--GENERAL INFORMATION
fixed length control field 141103s2014 enk b 101 0 eng
010 ## - LIBRARY OF CONGRESS CONTROL NUMBER
LC control number
020 ## - INTERNATIONAL STANDARD BOOK NUMBER
International Standard Book Number 9781107684539
040 ## - CATALOGING SOURCE
Original cataloging agency
Language of cataloging
Description conventions
Transcribing agency IIITMK
042 ## - AUTHENTICATION CODE
Authentication code
050 00 - LIBRARY OF CONGRESS CALL NUMBER
Item number
082 ## - DEWEY DECIMAL CLASSIFICATION NUMBER
Classification number 110 DAV/P
100 ## - MAIN ENTRY--PERSONAL NAME
Personal name Davies, Paul (Ed.)
9 (RLIN) 7108
245 00 - TITLE STATEMENT
Title Information and the nature of reality:
Remainder of title From physics to metaphysics
Statement of responsibility, etc. edited by Paul Davies, Niels Henrik Gregersen.
250 ## - EDITION STATEMENT
Edition statement
260 ## - PUBLICATION, DISTRIBUTION, ETC.
Place of publication, distribution, etc. United kingdom,
Name of publisher, distributor, etc. Cambridge University Press,
Date of publication, distribution, etc. 2014
300 ## - PHYSICAL DESCRIPTION
Extent xvii, 487 p.
Dimensions
504 ## - BIBLIOGRAPHY, ETC. NOTE
Bibliography, etc. note Includes bibliographical references and index.
650 #0 - SUBJECT ADDED ENTRY--TOPICAL TERM
Topical term or geographic name entry element INFORMATION SCIENCE
Form subdivision
9 (RLIN) 7109
650 #0 - SUBJECT ADDED ENTRY--TOPICAL TERM
Topical term or geographic name entry element NATURE OF REALITY
General subdivision
Form subdivision
9 (RLIN) 7110
650 #0 - SUBJECT ADDED ENTRY--TOPICAL TERM
Topical term or geographic name entry element METAPHYSICS
9 (RLIN) 7111
650 #0 - SUBJECT ADDED ENTRY--TOPICAL TERM
Topical term or geographic name entry element PHILOSOPHY
9 (RLIN) 7112
650 #0 - SUBJECT ADDED ENTRY--TOPICAL TERM
Topical term or geographic name entry element THEOLOGY
9 (RLIN) 7113
650 #0 - SUBJECT ADDED ENTRY--TOPICAL TERM
Topical term or geographic name entry element BIOLOGY
9 (RLIN) 7114
700 1# - ADDED ENTRY--PERSONAL NAME
Personal name Davies, P. C. W.,
Relator term editor.
9 (RLIN) 7115
700 1# - ADDED ENTRY--PERSONAL NAME
Personal name Gregersen, Niels Henrik,
Dates associated with a name
Relator term editor.
9 (RLIN) 7116
942 ## - ADDED ENTRY ELEMENTS (KOHA)
Source of classification or shelving scheme Dewey Decimal Classification
Koha item type Books
Holdings
Withdrawn status Lost status Source of classification or shelving scheme Damaged status Not for loan Collection code Home library Current library Shelving location Date acquired Cost, normal purchase price Total Checkouts Full call number Barcode Date last seen Price effective from Koha item type
    Dewey Decimal Classification     Non Fiction Kerala University of Digital Sciences, Innovation and Technology Knowledge Centre Kerala University of Digital Sciences, Innovation and Technology Knowledge Centre Encyclopedia 02/06/2015 981.00   110 DAV/P 4164 03/12/2020 02/06/2015 Books